A Somogyi Könyvtár [rövid hír]
Elmentve itt :
| Dokumentumtípus: | Cikk |
|---|---|
| Megjelent: |
1950-11-03
|
| Sorozat: | Délmagyarország
|
| Kulcsszavak: | Somogyi Könyvtár állomány gyarapodás 1950 |
| Online Access: | http://dmarchiv.bibl.u-szeged.hu/52385 |
| LEADER | 00428nab a2200145 i 4500 | ||
|---|---|---|---|
| 001 | delm52385 | ||
| 005 | 20180927141939.0 | ||
| 008 | 180927s1950 hu o 0|| hun d | ||
| 040 | |a SZTE Délmagyarország Archívum |b hun | ||
| 041 | |a hun | ||
| 245 | 0 | 2 | |a A Somogyi Könyvtár |h [elektronikus dokumentum] : |b [rövid hír] |
| 260 | |c 1950-11-03 | ||
| 300 | |a 4 | ||
| 490 | 0 | |a Délmagyarország | |
| 695 | |a Somogyi Könyvtár állomány gyarapodás 1950 | ||